Czerwono-żółto-zielone flagi - nagła śmierć - Statystyki

Ogólne statystyki
  • Ten quiz został rozwiązany 36 razy
  • Średni wynik to 3 z 11
Answers on the Grid
Answers color-coded by a green-red scale on the quiz's grid according to % correct below.
Benin
Boliwia
Burkina Faso
Kamerun
Dominika
Gwinea Równikowa
Etiopia
Ghana
Grenada
Gwinea
Gwinea-Bissau
Gujana
Jamajka
Kenia
Litawa
Mali
Mauretania
Mozambik
Myanmar / Birma
Portugalia
Demokratyczna Republika Konga
Wyspy Świętego Tomasza i Książęca
Senegal
Republika Południowej Afryki
Saint Kitts i Nevis
Surinam
Togo
Vanuatu
Zambia
Zimbabwe
 
Statystyki odpowiedzi
Odpowiedź % Poprawnych
Kamerun
64%
Benin
50%
Boliwia
50%
Burkina Faso
43%
Gwinea
21%
Litawa
21%
Mali
21%
Mauretania
21%
Senegal
21%
Demokratyczna Republika Konga
14%
Grenada
0%
Nie znaleziono quizów pasujących do podanych kryteriów
Rozkład punktacji
Procent ludzi z każdym wynikiem
Percentyl według liczby udzielonych odpowiedzi
Twoja historia wyników
Nie rozwiązałeś tego quizu